01202nam a2200301 a 4500001001200000003000800012006001900020007001500039008004100054020001800095020002700113040002100140035002100161050002500182245011300207260006600320300001900386504004100405533015200446650003400598650003200632650002500664655002900689700002200718710001700740856012600757999001700883ebr10618653CaPaEBRm u cr cn|||||||||121113s2013 maua sb 000 0 eng d z9781118385074 z9781118533437 (e-book) aCaPaEBRcCaPaEBR a(OCoLC)82081877414aTN871.3b.P48 2013eb00aPetroleum accumulation zones on continental marginsh[electronic resource] /cYu.N. Grigorenko ... [et al.]. aBeverly, Mass. :bScrivener ;aHoboken, N.J. :bWiley,c2013. a440 p. :bill. aIncludes bibliographical references. aElectronic reproduction.bPalo Alto, Calif. :cebrary,d2011.nAvailable via World Wide Web.nAccess may be limited to ebrary affiliated libraries. 0aPetroleum in submerged lands. 0aOffshore oil well drilling. 0aContinental margins. 7aElectronic books.2local1 aGrigorenko, Y. N.2 aebrary, Inc.40uhttp://site.ebrary.com/lib/rucke/Doc?id=10618653zAn electronic book accessible through the World Wide Web; click to view c54886d54886